Normal view
MARC view
- American Society of Concrete Contractors
Entry Corporate Name
001 - CONTROL NUMBER
- control field: 43108
003 - CONTROL NUMBER IDENTIFIER
- control field: NUST
005 - DATE AND TIME OF LATEST TRANSACTION
- control field: 20210314132528.0
008 - FIXED-LENGTH DATA ELEMENTS
- fixed length control field: 210314|| aca||aabn | a|a d
040 ## - CATALOGING SOURCE
- Original cataloging agency: NUST
- Transcribing agency: NUST
110 ## - HEADING--CORPORATE NAME
- Corporate name or jurisdiction name as entry element: American Society of Concrete Contractors
670 ## - SOURCE DATA FOUND
- Source citation: Work cat.: (NUST): The contractor's guide to quality concrete construction., c2005.
